Ricostruisci la Carriera del Calciatore - Angelo Di Livio - Statistics

Statistiche generali
  • Questo quiz è stato fatto 9 volte
  • Il punteggio medio è 3 su 7
Statistiche sulle risposte
Hint Risposta % Corretto
1999-2005 Fiorentina
63%
1993-1999 Juventus
63%
1986-1987 Nocerina
50%
1989-1993 Padova
25%
1987-1989 Perugia
25%
1985-1986 Reggiana
13%
1984-1985 Roma
13%
Nessun quiz corrispondente trovato
Distribuzione punteggi
Percentuale di utenti per punteggio
Percentile per numero di risposta
I tuoi punteggi nel tempo
Non hai fatto questo quiz